000 004570000a22001810004500
020 _a0-87123-486-6
041 0 _aENG
082 0 4 _aG 269.24 F7541r
100 1 _aFoster, K. Neill
245 1 0 _aA revolution of love / K. Neill Foster
260 _aMinneapolis, MN., USA : Dimension
300 _a92 Pag
001 8162
942 _cBK
999 _c38355
_d38355
336 _atexto
_btxt
_2rdacontent
337 _2rdamedia
_asin mediación
_bn
338 _2rdacarrier
_avolumen
_bnc